Anales /

Guardado en:
Autor Corporativo: Jornadas nacionales de profesores universitarios de matemática financiera. 14
Formato: Libro
Idioma:Spanish
Publicado: Santa Fe : Universidad nacional del Litoral, s.f.
Materias:
Etiquetas: Agregar Etiqueta
Sin Etiquetas, Sea el primero en etiquetar este registro!
LEADER 00668nam a22001695a 4500
001 EUN.um066232
003 AR-BaUNS
005 20050623122930.0
008 041125ss.f.####ag#a##########000#0#spa#d
245 1 0 |a Anales /  |c Jornadas nacionales de profesores universitarios de matemática financiera. 14. 
260 |a Santa Fe :  |b Universidad nacional del Litoral,  |c s.f. 
300 |a 140 p. :  |b ilus. ;  |c 33 cm. 
082 0 4 |a 510 
653 |a Matematica financiera 
653 |a Matematicas 
110 2 |a Jornadas nacionales de profesores universitarios de matemática financiera. 14  |c Santa Fe, 14 al 16 de octubre de 1993. 
859 |a Ar-BaUNS  |b BIB. CENTRAL - Sector C  |h 510  |i J769  |p 107990/998  |v 14